Movies Quiz

Random Movies or Clickable Quiz
Score 0/30 Timer 06:00
0 Plays Today
% Correct
Samuel L. Jackson
87.5%
Arnold Schwarzenegger
85.5%
Harrison Ford
83.6%
Helen Hunt
78.2%
Bruce Willis
78%
Keanu Reeves
77.6%
Will Smith
69.7%
Russell Crowe
66.5%
Charlton Heston
65.5%
Mel Gibson
64.6%
Sandra Bullock
64.2%
Matthew Broderick
62.8%
Tom Hanks
62.8%
Kevin Costner
60.4%
Denzel Washington
60.3%
% Correct
Simon Pegg
58.6%
Matthew Broderick
56.7%
Will Smith
47.8%
Charlton Heston
47.8%
Dustin Hoffman
44.3%
Charlton Heston
43.5%
Anne Heche
43%
Brad Pitt
40.9%
Charlton Heston
37.7%
Gene Hackman
37%
Steve McQueen
33.7%
Steve McQueen
33.6%
William Baldwin
32%
Jack Lemmon
27.9%
Kevin McCarthy
15.6%

You're not logged in!

Compare scores with friends on all Sporcle quizzes.
OR
Log In

From the Vault

AFI Top 50 Romantic Comedies

by sjmcclellan618

We're disappointed that Die Hard missed the cut, yet again.
Remove Ads.
Support Sporcle.
Get the best of Sporcle when you Go Orange. This ad-free experience offers more features, more stats, and more fun while also helping to support Sporcle. Thank you for becoming a member.

Show Comments

Extras

Top Quizzes Today


Score Distribution

Your Account Isn't Verified!

In order to create a playlist on Sporcle, you need to verify the email address you used during registration. Go to your Sporcle Settings to finish the process.

Report this User

Report this user for behavior that violates our Community Guidelines.

Details: